| 000 | 00747nam a22002297a 4500 | ||
|---|---|---|---|
| 003 | BJBSDDR | ||
| 005 | 20260331062933.0 | ||
| 007 | ta | ||
| 008 | 250908s2004 sp ||||| |||| 00| 0 spa d | ||
| 020 | _a8481882178 | ||
| 020 | _a 9788481882179 | ||
| 040 |
_bspa _cBJBSDDR |
||
| 041 | _aspa | ||
| 050 | _bD622i 2004 | ||
| 100 | 1 |
_aDíaz Barrado, Castor M. _q(Castor Miguel), _d1959- _96906 |
|
| 245 | 1 | 3 |
_aLa integración social en América Latina y el Caribe : _b políticas sociales y participación de la sociedad civil _cCástor M. Díaz Barrado |
| 260 |
_aMadrid : _bConsejo Económico y Social, _c2004 |
||
| 300 |
_a 170 pages ; _b24 cm |
||
| 650 | 0 |
_aColección Celestino del Arenal (CCA) _915749 |
|
| 942 |
_2lcc _n0 _cBK |
||
| 946 | _icmc | ||
| 999 |
_c125075 _d125075 |
||